State transit-management assistance to local communities. (Record no. 529422)
[ view plain ]
| 000 -LEADER | |
|---|---|
| fixed length control field | 01067nam a2200289 a 4500 |
| 001 - CONTROL NUMBER | |
| control field | 3734624 |
| 003 - CONTROL NUMBER IDENTIFIER | |
| control field | NUST |
| 005 - DATE AND TIME OF LATEST TRANSACTION | |
| control field | 20190925163440.0 |
| 008 - FIXED-LENGTH DATA ELEMENTS--GENERAL INFORMATION | |
| fixed length control field | 810930s1980 dcu 000 0 eng |
| 010 ## - LIBRARY OF CONGRESS CONTROL NUMBER | |
| LC control number | 81050520 |
| 020 ## - INTERNATIONAL STANDARD BOOK NUMBER | |
| International Standard Book Number | 0309031540 (pbk.) : |
| Terms of availability | $6.00 |
| 038 ## - RECORD CONTENT LICENSOR | |
| Staff Name | msohail |
| 040 ## - CATALOGING SOURCE | |
| Original cataloging agency | DLC |
| Transcribing agency | DLC |
| Modifying agency | DLC |
| 043 ## - GEOGRAPHIC AREA CODE | |
| Geographic area code | n-us--- |
| 050 00 - LIBRARY OF CONGRESS CALL NUMBER | |
| Classification number | HE4461 |
| Item number | .S73 |
| 082 00 - DEWEY DECIMAL CLASSIFICATION NUMBER | |
| Classification number | 388.4042 |
| Edition number | 19 |
| 245 00 - TITLE STATEMENT | |
| Title | State transit-management assistance to local communities. |
| 260 ## - PUBLICATION, DISTRIBUTION, ETC. | |
| Place of publication, distribution, etc. | Washington, D.C. : |
| Name of publisher, distributor, etc. | Transportation Research Board, National Research Council, |
| Date of publication, distribution, etc. | 1980. |
| 300 ## - PHYSICAL DESCRIPTION | |
| Extent | 34 p. ; |
| Dimensions | 28 cm. |
| 490 1# - SERIES STATEMENT | |
| Series statement | Synthesis of highway practice / National Cooperative Highway Research Program, |
| International Standard Serial Number | 0547-5570 ; |
| Volume/sequential designation | 74 |
| 650 #0 - SUBJECT ADDED ENTRY--TOPICAL TERM | |
| Topical term or geographic name entry element | Local transit |
| Geographic subdivision | United States |
| General subdivision | Finance. |
| 9 (RLIN) | 21439 |
| 650 #0 - SUBJECT ADDED ENTRY--TOPICAL TERM | |
| Topical term or geographic name entry element | Transportation and state |
| Geographic subdivision | United States |
| General subdivision | States. |
| 9 (RLIN) | 21440 |
| 710 2# - ADDED ENTRY--CORPORATE NAME | |
| Corporate name or jurisdiction name as entry element | National Research Council (U.S.). |
| Subordinate unit | Transportation Research Board. |
| 9 (RLIN) | 19676 |
| 830 #0 - SERIES ADDED ENTRY--UNIFORM TITLE | |
| Uniform title | Synthesis of highway practice ; |
| Volume/sequential designation | 74. |
| 9 (RLIN) | 21441 |
| 906 ## - LOCAL DATA ELEMENT F, LDF (RLIN) | |
| a | 7 |
| b | cbc |
| c | orignew |
| d | 2 |
| e | ocip |
| f | 19 |
| g | y-gencatlg |
| 942 ## - ADDED ENTRY ELEMENTS (KOHA) | |
| Source of classification or shelving scheme | |
| Koha item type | Book |
| Withdrawn status | Lost status | Source of classification or shelving scheme | Damaged status | Not for loan | Permanent Location | Current Location | Date acquired | Total Checkouts | Full call number | Barcode | Date last seen | Price effective from | Koha item type |
|---|---|---|---|---|---|---|---|---|---|---|---|---|---|
| School of Civil and Environmental Engineering (SCEE) | School of Civil and Environmental Engineering (SCEE) | 09/25/2019 | 388.4042 | NIT-10886 | 09/25/2019 | 09/25/2019 | Book |
